|
|
|
|
| LEADER |
00000cam a2200000 7i4500 |
| 001 |
0000002238 |
| 005 |
20161205093000.0 |
| 008 |
021118s1986 |
| 020 |
|
|
|a 0025258001
|
| 090 |
0 |
0 |
|a CB161
|b .C5 1986
|
| 100 |
0 |
|
|a Clarke, Arthur C. [
|q (Arthur Charles)] ,
|d 1917-2008 ,
|e author
|
| 245 |
1 |
0 |
|a Arthur C. Clarke's July 20, 2019 :
|b life in the 21st century
|c Arthur C. Clarke
|
| 260 |
2 |
|
|a New York :
|b Macmillan ,
|c c1986
|
| 300 |
|
|
|a 281 p. ;
|c 27 cm.
|
| 504 |
|
|
|a Includes index
|
| 650 |
|
0 |
|a Twenty-first century
|x Forecasts
|
| 999 |
|
|
|a 1000024181
|b Book
|c OPEN SHELF (30 DAYS)
|e Gong Badak Campus
|